Intelligent Computing Theory 10th International Conference, ICIC 2014, Taiyuan, China, August 3-6, 2014. Proceedings /

This book – in conjunction with the volumes LNAI 8589 and LNBI 8590 – constitutes the refereed proceedings of the 10th International Conference on Intelligent Computing, ICIC 2014, held in Taiyuan, China, in August 2014. The 92 papers of this volume were carefully reviewed and selected from numerous...

Full description

Bibliographic Details
Corporate Author: SpringerLink (Online service)
Other Authors: Huang, De-Shuang (Editor), Bevilacqua, Vitoantonio (Editor), Premaratne, Prashan (Editor)
Format: Electronic eBook
Language:English
Published: Cham : Springer International Publishing : Imprint: Springer, 2014.
Series:Lecture Notes in Computer Science, 8588
Subjects:
Online Access:Full Text via HEAL-Link
LEADER 03372nam a22006015i 4500
001 978-3-319-09333-8
003 DE-He213
005 20151103130239.0
007 cr nn 008mamaa
008 140703s2014 gw | s |||| 0|eng d
020 |a 9783319093338  |9 978-3-319-09333-8 
024 7 |a 10.1007/978-3-319-09333-8  |2 doi 
040 |d GrThAP 
050 4 |a Q334-342 
050 4 |a TJ210.2-211.495 
072 7 |a UYQ  |2 bicssc 
072 7 |a TJFM1  |2 bicssc 
072 7 |a COM004000  |2 bisacsh 
082 0 4 |a 006.3  |2 23 
245 1 0 |a Intelligent Computing Theory  |h [electronic resource] :  |b 10th International Conference, ICIC 2014, Taiyuan, China, August 3-6, 2014. Proceedings /  |c edited by De-Shuang Huang, Vitoantonio Bevilacqua, Prashan Premaratne. 
264 1 |a Cham :  |b Springer International Publishing :  |b Imprint: Springer,  |c 2014. 
300 |a XXVIII, 848 p. 348 illus.  |b online resource. 
336 |a text  |b txt  |2 rdacontent 
337 |a computer  |b c  |2 rdamedia 
338 |a online resource  |b cr  |2 rdacarrier 
347 |a text file  |b PDF  |2 rda 
490 1 |a Lecture Notes in Computer Science,  |x 0302-9743 ;  |v 8588 
505 0 |a Evolutionary computation and learning -- Swarm intelligence and optimization -- Machine learning -- Social and natural computing -- Neural networks -- Biometrics recognition -- Image processing -- Information security -- Virtual reality and human-computer interaction -- Knowledge discovery and data mining -- Signal processing -- Pattern recognition -- Biometric system and security for intelligent computing. 
520 |a This book – in conjunction with the volumes LNAI 8589 and LNBI 8590 – constitutes the refereed proceedings of the 10th International Conference on Intelligent Computing, ICIC 2014, held in Taiyuan, China, in August 2014. The 92 papers of this volume were carefully reviewed and selected from numerous submissions. The papers are organized in topical sections such as evolutionary computation and learning; swarm intelligence and optimization; machine learning; social and natural computing; neural networks; biometrics recognition; image processing; information security; virtual reality and human-computer interaction; knowledge discovery and data mining; signal processing; pattern recognition; biometric system and security for intelligent computing. 
650 0 |a Computer science. 
650 0 |a Computers. 
650 0 |a Artificial intelligence. 
650 0 |a Image processing. 
650 0 |a Pattern recognition. 
650 0 |a Bioinformatics. 
650 1 4 |a Computer Science. 
650 2 4 |a Artificial Intelligence (incl. Robotics). 
650 2 4 |a Image Processing and Computer Vision. 
650 2 4 |a Pattern Recognition. 
650 2 4 |a Computational Biology/Bioinformatics. 
650 2 4 |a Information Systems Applications (incl. Internet). 
650 2 4 |a Computation by Abstract Devices. 
700 1 |a Huang, De-Shuang.  |e editor. 
700 1 |a Bevilacqua, Vitoantonio.  |e editor. 
700 1 |a Premaratne, Prashan.  |e editor. 
710 2 |a SpringerLink (Online service) 
773 0 |t Springer eBooks 
776 0 8 |i Printed edition:  |z 9783319093321 
830 0 |a Lecture Notes in Computer Science,  |x 0302-9743 ;  |v 8588 
856 4 0 |u http://dx.doi.org/10.1007/978-3-319-09333-8  |z Full Text via HEAL-Link 
912 |a ZDB-2-SCS 
912 |a ZDB-2-LNC 
950 |a Computer Science (Springer-11645)